Carta sobre la Religión de la Humanidad dirigida a la señora Doña Mercedes Cabello de Carbonera

Uloženo v:
Podrobná bibliografie
Hlavní autor: Lagarrigue Alessandri, Juan Enrique (Autor)
Médium: Kniha
Jazyk:španělština
Vydáno: Santiago Imprenta Cervantes 1892
Vydání:1a. ed
Edice:Orden y Progreso
Témata:
Tagy: Přidat tag
Žádné tagy, Buďte první, kdo vytvoří štítek k tomuto záznamu!

MARC

LEADER 00000nam a2200000 a 4500
001 UCJ6817
003 CL-VaPUC
008 070124e18920411CL |||||||||||||||||spa|d
082 0 4 |a 200  |b LAG  |2 21 
100 |a Lagarrigue Alessandri, Juan Enrique  |e author  |9 560750 
245 1 0 |a Carta sobre la Religión de la Humanidad dirigida a la señora Doña Mercedes Cabello de Carbonera 
250 |a 1a. ed 
300 |a 41 p 
942 |c BK 
945 |d 20070124 00:00:00  |a rinostro 
260 |a Santiago  |b Imprenta Cervantes  |c 1892 
500 |a Empastado junto a otros escritos del mismo autor en un volumen rotulado J.E. LAGARRIGUE; 200 LAG 
600 0 |a Comte, Auguste  |9 334591 
650 0 |a Positivismo  |9 269460 
650 7 |a RELIGION DE LA HUMANIDAD  |2 CL-VaPUC  |9 505046 
583 |a last modification  |c 20070124 00:00:00  |k Rodrigo Vera 
490 0 |a Orden y Progreso 
999 |c 322919  |d 322917 
952 |0 0  |1 0  |4 0  |6 200_000000000000000_LAG_1892  |7 0  |8 X  |9 402080  |a FDOBUD  |b FDOBUD  |d 2019-11-22  |i 1053426  |o 200 LAG 1892  |p 1053426  |r 2019-11-22  |w 2019-11-22  |y BK_X  |k BUD